Babut Ét., Mais alors, que fait Dieu ? Une parole adressée, coll. Lire la Bible 128, Paris, Cerf, 2002, 22x14, 324 p., 22.00 €. ISBN 2-204-07022-X (notice n° 1620532)
[ vue normale ]
| 000 -LEADER | |
|---|---|
| fixed length control field | 00557cam a2200133 4500500 |
| 005 - DATE AND TIME OF LATEST TRANSACTION | |
| control field | 20260111091205.0 |
| 041 ## - LANGUAGE CODE | |
| Language code of text/sound track or separate title | fre |
| 042 ## - AUTHENTICATION CODE | |
| Authentication code | dc |
| 245 00 - TITLE STATEMENT | |
| Title | Babut Ét., Mais alors, que fait Dieu ? Une parole adressée, coll. Lire la Bible 128, Paris, Cerf, 2002, 22x14, 324 p., 22.00 €. ISBN 2-204-07022-X |
| 260 ## - PUBLICATION, DISTRIBUTION, ETC. | |
| Date of publication, distribution, etc. | 2005.<br/> |
| 500 ## - GENERAL NOTE | |
| General note | 9 |
| 786 0# - DATA SOURCE ENTRY | |
| Note | Nouvelle revue théologique | 127 | 1 | 2005-01-03 | p. 156p-169p | 0029-4845 |
| 856 41 - ELECTRONIC LOCATION AND ACCESS | |
| Uniform Resource Identifier | <a href="https://shs.cairn.info/revue-nouvelle-revue-theologique-2005-1-page-156p?lang=fr&redirect-ssocas=7080">https://shs.cairn.info/revue-nouvelle-revue-theologique-2005-1-page-156p?lang=fr&redirect-ssocas=7080</a> |
Pas d'exemplaire disponible.




Réseaux sociaux